000 00979 aa a2200229 4500
005 2012061403003.0
010 _a
020 _c175.00
_a
035 _aB-72932
037 _bpub
082 _a610.92
100 _aश्रीवास्तव, कृष्ण मुरारी लाल
_949051
245 _aभारत के चिकित्सा वैज्ञानिक /
_cकृष्ण मुरारी लाल श्रीवास्तव
246 _a
_b
260 _aजयपुर
_bगीतांजलि प्रकाशन
_c2002
270 _a
_b
_e
300 _a167पृ
_c22 सेमी (सजिल्द)
_b
490 _a
_949052
700 _a
_949038
942 _adpl
_cHN
_k
_2ddc
_h610.92
_mश्रीवास्त
999 _c67908
_d67908